000 01014nam a22003017a 4500
001 BR7700817
003 BR-BrBNA
005 20230928085202.0
007 ta
008 230509b bl.||||| |||| 00| 0 por d
040 _aBR-BrBNA
_bpor
_cBiblioteca Nacional de Agricultura
041 _a(Por)
072 _aH60
_b1840
_b3876
_b/G514
090 _ 1840 BR7700817
100 1 _aBazan, L.A.C.
110 1 _aEscola Superior de Agricultura Luiz de Queiroz, Piracicaba, SP (Brasil)
_0Tese (Mestre em Fitotecnia)
245 1 _aEmprego de alguns herbicidas em pre e pos-emergencia na cultura do quiabeiro Abelmoschus esculentus (L.)Moench. cv. Campinas [Sao Paulo; Brasil]
260 3 _aPiracicaba, SP (Brasil):
_c1976.
300 _a75 p.
500 _a35 tables; Bibliography (76 ref.); Summaries (Eng, Por); Microficha
650 _aQuiabo
650 _aHerbicida
650 _aPre-emergencia
650 _aPos-emergencia
650 _aSao Paulo
909 _a202309
_bLucia
_c55
_dLucia Elande
942 _cBK
999 _c23178
_d23178